| 000 | 00794nam0a22002651 4500 | ||
|---|---|---|---|
| 001 | rc\3445423 | ||
| 005 | 20250609234912.0 | ||
| 021 |
_aRU _b[72-41449] |
||
| 035 | _a(NLR Aleph) 007570418 | ||
| 090 |
_a5398964 _c5398964 |
||
| 100 | _a20130115d1971 |||y0rusy50 ca | ||
| 101 | 0 | _arus | |
| 102 | _aRU | ||
| 105 | _aa z |||a| | ||
| 200 | 1 |
_aПочему букет поет? _e[Стихи _eДля дошкольного возраста _fИл.: А. Лурье |
|
| 205 | _a2-е изд. | ||
| 210 |
_aМосква] _cМалыш _d1971 |
||
| 215 |
_a[15] с. _cил. _d28 |
||
| 700 | 1 |
_aГоловина _bН.Н. _gНина Никитична |
|
| 702 | 1 |
_aЛурье _bА. _4440 |
|
| 801 | 0 |
_aRU _bNLR _gpsbo |
|
| 801 | 1 |
_aRU _bELAR _2rusmarc |
|
| 852 |
_aNLR _j72-8/1886 |
||
| 942 | _cBOOK | ||
| 980 | _aNB | ||